Biotechnogy Unzipped Promises and Realitise (Record no. 84390)

MARC details
000 -LEADER
fixed length control field 00333pam a2200145 a 4500
020 ## - INTERNATIONAL STANDARD BOOK NUMBER
Terms of availability
041 ## - LANGUAGE CODE
Language code of text/sound track or separate title eng
082 ## - DEWEY DECIMAL CLASSIFICATION NUMBER
Item number GRA
100 ## - MAIN ENTRY--PERSONAL NAME
Personal name Grace, Eric.
245 ## - TITLE STATEMENT
Title Biotechnogy Unzipped Promises and Realitise
Medium Textual Documents
250 ## - EDITION STATEMENT
Edition statement 1997.
260 ## - PUBLICATION, DISTRIBUTION, ETC.
Place of publication, distribution, etc. [s.l]:
Name of publisher, distributor, etc. Joseph Henry Press
300 ## - PHYSICAL DESCRIPTION
Extent 248 pg .
930 ## - EQUIVALENCE OR CROSS-REFERENCE-UNIFORM TITLE HEADING [LOCAL, CANADA]
Uniform title 7479
Holdings
Withdrawn status Lost status Damaged status Not for loan Collection Home library Current library Date acquired Source of acquisition Cost, normal purchase price Total Checkouts Full call number Barcode Date last seen Copy number Price effective from Koha item type
          Yashwantrao Mohite College of Arts, Science And Commerce, Pune Yashwantrao Mohite College of Arts, Science And Commerce, Pune 20/05/2021 Researchco Books 894.76   GRA YMP-40247 24/02/2023 1 24/02/2023 Book